[Event "IECG CB.2003.0.00085 email"]
[Site "IECG email"]
[Date "2003.06.20"]
[Round "1"]
[White "Jensen, Soeren"]
[Black "Garcia, Baldomero"]
[Result "1-0"]
[WhiteElo "1857"]
[BlackElo "1945"]
[PlyCount "21"]
[EventDate "2003.06.20"]
[EventType "tourn (corr)"]
[EventRounds "6"]
[SourceTitle "Corr 2024"]
[Source "ChessBase"]
[SourceDate "2023.10.19"]
[SourceVersion "1"]
[SourceVersionDate "2023.10.19"]
[SourceQuality "1"]

1. Nc3 d5 2. e4 dxe4 3. Nxe4 Bf5 4. Ng3 Bg6 5. Nf3 Qd5 6. d4 Nc6 7. c3 e5 8. Nxe5 Nxe5 9. dxe5 Qxe5+ 10. Be2 Bd6 11. Qa4+ 1-0